00920nam a22002417a 450000500170000001000130001702000100003003500130004003700160005304000120006908200180008110000230009924500790012226000570020127000490025830000230030750000500033065000460038065000440042694200270047099900190049795201620051620170124110124.0 aA-286516 c00.00 aA-286516 bCen Lib/Ret aDPLbEN a954.0841bGUH aGuha, Samar931115 aThe Mahatma and the Netaji :cby Samar Guhabtwo men of destiny of India / aNew DelhibSterling Publishers Private Limitedc1986 aL-10 Green Park ExtensionbNew Delhie110016 ax,244p. c20cm(Hb) aIncludes bibliographical references and index aBose, Subhas Chandra, -- 1897-1945931116 aGandhi, -- Mahatma, -- 1869-1948931117 2ddccENh954.0841mGUH c131194d131194 04104070aLbLd2015-07-14eCen Lib/Retg0.00l0o954.0841 GUHpA-286516r2015-07-14 00:00:00t1v0.00w2015-07-14yENzW/d List No. 8133/24; dtd 20.2.2017